000 00253nam a2200097Ia 4500
001 703903
005 20250826162400.0
008 250824s9999 xx 000 0 und d
245 0 _aYÜZÜMDE KIRLANGIÇ GÖLGESİ
_cMEHMET ATİLLA
260 _bTUDEM YAYINLARI
999 _c703903
_d703903